Catálogo

Psichology. (Registro nro. 30608)

Detalles MARC
000 -LEADER
fixed length control field 00577nam a2200217 a 4500
001 - CONTROL NUMBER
control field 30608
005 - DATE AND TIME OF LATEST TRANSACTION
control field 20190709144800.0
008 - FIXED-LENGTH DATA ELEMENTS--GENERAL INFORMATION
fixed length control field 140415s2006 000 0 spa d
020 ## - INTERNATIONAL STANDARD BOOK NUMBER
International Standard Book Number 0256028893
041 ## - LANGUAGE CODE
Language code of text/sound track or separate title spa
082 ## - DEWEY DECIMAL CLASSIFICATION NUMBER
Classification number 150
Item number PSY
100 1# - MAIN ENTRY--PERSONAL NAME
Personal name Psychology
Relator term autor
245 10 - TITLE STATEMENT
Title Psichology.
250 ## - EDITION STATEMENT
Edition statement Primera edición
264 ## - PRODUCTION, PUBLICATION, DISTRIBUTION, MANUFACTURE, AND COPYRIGHT NOTICE
Place of production, publication, distribution, manufacture The Dorsey Press
Name of producer, publisher, distributor, manufacturer Newman y Newman
Date of production, publication, distribution, manufacture, or copyright notice 2006
300 ## - PHYSICAL DESCRIPTION
Extent 631 Páginas ;
Dimensions 27 cm.
336 ## - CONTENT TYPE
Content type term texto
Source rdacontent
337 ## - MEDIA TYPE
Media type term sin mediación
Source rdamedia
338 ## - CARRIER TYPE
Carrier type term volumen
Source rdacarrier
520 ## - SUMMARY, ETC.
Summary, etc. PG PUBLICACIONES GUBERNAMENTALES
Existencias
Withdrawn status Lost status Source of classification or shelving scheme Damaged status Not for loan Collection code Home library Current library Shelving location Date acquired Source of acquisition Total Checkouts Full call number Barcode Date last seen Price effective from Koha item type
    Dewey Decimal Classification     General Tehuacán Tehuacán Sala general 03/12/2013 Compra   150 PSY 1983 505109 08/01/2025 07/12/2016 Libro
    Dewey Decimal Classification     General Tehuacán Tehuacán Sala general 07/12/2016 Compra   150 NEW 1983 501953 08/01/2025 07/12/2016 Libro
    Dewey Decimal Classification     General Tehuacán Tehuacán Sala general 07/12/2016 Compra   150 PSY 1983 504341 08/01/2025 07/12/2016 Libro